| 000 | 00495nam a22001457a 4500 | ||
|---|---|---|---|
| 008 | 151027b xxu||||| |||| 00| 0 eng d | ||
| 020 | _a9966460446 | ||
| 050 | _aAFR PR 9381.9 .O9O95 1975 | ||
| 100 |
_aOwino, Rosemarie. _d1975. |
||
| 245 |
_aSugar Daddy's Lover _cRosemarie, Owino. |
||
| 260 |
_aNairobi, _bStima Printers & Stationers Ltd, _c1975. |
||
| 300 | _a75p. | ||
| 650 | _aEnglish-lioterature | ||
| 942 |
_2lcc _cSH_L_BOOKS _hAFR PR 9381.9 .O9O95 1975 _03 |
||
| 999 |
_c9425 _d9425 |
||